000 00950nam a22003015a 4500
999 _c3299
_d233803
001 002946
003 armpunfd
005 20190408170520.0
008 140912s1993####ag############000#0#und#d
020 _a9505690487
080 _a347.758 R 182
245 1 0 _aEl Credito en Descubierto en la Cuenta Corriente Bancaria :
_bComposición del Saldo Deudor. Tasas de Interes. Capitalizaciones. Comisiones y otros Débitos. El Juicio Ordinario Posterior. Jurisprudencia. /
260 _aBuenos Aires :
_bAbaco,
_c1993.
300 _a229 P.
650 7 _aCuenta Corriente Bancaria
_2LEMB
650 7 _aIntereses
_2LEMB
650 7 _aOperaciones en Descubierto
_2LEMB
650 7 _aTitulo Ejecutivo
_2LEMB
651 _2LEMB
700 1 _aRaponi, Osvaldo A.
700 1 _aUrtubey, Raul A.
945 _d2014-09-12
945 _d2014-09-12
945 _d2014-09-12
945 _acd
_d2014-09-12